Discursos leídos ante la Real Academia de Nobles de San Fernando en la recepción pública de don Nicolás Gato de Lema (Record no. 154268)

MARC details
000 -LEADER
campo de control de longitud fija 00932nam a2200205 i 4500
001 - NÚMERO DE CONTROL
campo de control 154268
003 - IDENTIFICADOR DE NÚMERO DE CONTROL
campo de control ES-MaACL
005 - FECHA Y HORA DE LA ÚLTIMA TRANSACCIÓN
campo de control 20250815133009.0
008 - DATOS DE LONGITUD FIJA--INFORMACIÓN GENERAL
campo de control de longitud fija 991201s1859 sp |||| | spa d
040 ## - FUENTE DE CATALOGACIÓN
Centro catalogador/agencia de origen CCPB | B
Lengua de catalogación spa
Centro/agencia transcriptor CCPB | B
100 1# - ENTRADA PRINCIPAL--NOMBRE DE PERSONA
Nombre de persona Gato de Lema, Nicolás.
9 (RLIN) 127259
245 10 - MENCIÓN DEL TÍTULO
Título Discursos leídos ante la Real Academia de Nobles de San Fernando en la recepción pública de don Nicolás Gato de Lema
Resto del título : [tema, el paisaje] /
Mención de responsabilidad, etc. [contestación por el Excmo. Sr. Marqués de Molins].
260 ## - PUBLICACIÓN, DISTRIBUCIÓN, ETC.
Lugar de publicación, distribución, etc. Madrid :
Nombre del editor, distribuidor, etc. [s.n.],
Fecha de publicación, distribución, etc. 1859 (
Fabricante M. Rivadeneyra)
300 ## - DESCRIPCIÓN FÍSICA
Extensión 58 p. ;
Dimensiones 26 cm.
650 #7 - PUNTO DE ACCESO ADICIONAL DE MATERIA--TÉRMINO DE MATERIA
Término de materia o nombre geográfico como elemento de entrada Pintura de paisaje
Fuente del encabezamiento o término embne
9 (RLIN) 16028
700 1# - ENTRADA AGREGADA--NOMBRE PERSONAL
Nombre de persona Molíns, Mariano Roca de Togores,
Títulos y otros términos asociados al nombre Marqués de,
Fechas asociadas al nombre 1812-1889
9 (RLIN) 130033
710 2# - ENTRADA AGREGADA--NOMBRE DE ENTIDAD CORPORATIVA
Nombre de entidad corporativa o nombre de jurisdicción como elemento de entrada Real Academia de Nobles Artes de San Fernando.
9 (RLIN) 6332
852 ## - LOCALIZACIÓN
Ubicación ES-MaACL
Número de control de estantería F-M-III-N(II)
Nota libre - Enc. hol., falto de la cub. original
-- - Enc. en un vol. facticio
Holdings
Estatus retirado Estado de pérdida Estado de daño No para préstamo Colección Biblioteca de origen Biblioteca actual Ubicación en estantería Fecha de adquisición Fuente de adquisición Total de préstamos Signatura topográfica completa Código de barras Visto por última vez Precio de reemplazo Tipo de ítem Koha
        Libros del s. XIX Biblioteca del Ateneo de Madrid Biblioteca del Ateneo de Madrid Administración 17/01/2008     F-M-III-N(II) 1161315 23/02/2023 23/02/2023 Libro impreso antiguo